000 00551nam a2200229Ia 4500
003 OSt
005 20221006151855.0
006 a|||||r|||| 00| 0
007 ta
008 221006b |||||||| |||| 00| 0 eng d
020 _c195.29
024 _a23,765
037 _cTextual
040 _aEASL
_cEASL
_beng
041 _2eng
_aeng
100 _aNEWBY Laura
_9660189
245 0 _aSino-Japanese relations
260 _aLondon
_bRoutledge
_c1988
300 _a96p.
_ccm.
942 _cTEXL
_2CC
999 _c1091851
_d1091851